The creative role of interpersonal groups in the church today/ (Record no. 29961)
[ view plain ]
| 000 -LEADER | |
|---|---|
| fixed length control field | 00622nam a2200157 4500 |
| 008 - FIXED-LENGTH DATA ELEMENTS--GENERAL INFORMATION | |
| fixed length control field | 070822s1968 nyu b 000 0 eng |
| 090 ## - LOCALLY ASSIGNED LC-TYPE CALL NUMBER (OCLC); LOCAL CALL NUMBER (OCLC) | |
| Classification number (OCLC) (R) ; Classification number, CALL (RLIN) (NR) | BV652.2 |
| Local cutter number (OCLC) ; Book number/undivided call number, CALL (RLIN) | C86c |
| 245 14 - TITLE STATEMENT | |
| Title | The creative role of interpersonal groups in the church today/ |
| Statement of responsibility, etc | edited by John L. Casteel. |
| 260 ## - PUBLICATION, DISTRIBUTION, ETC. (IMPRINT) | |
| Place of publication, distribution, etc | New York : |
| Name of publisher, distributor, etc | Association Press, |
| Date of publication, distribution, etc | [1968] |
| 300 ## - PHYSICAL DESCRIPTION | |
| Extent | 221 p. ; |
| Dimensions | 21 cm. |
| 504 ## - BIBLIOGRAPHY, ETC. NOTE | |
| Bibliography, etc | Bibliographical references included in "Notes" (p. 217-221) |
| 650 #4 - SUBJECT ADDED ENTRY--TOPICAL TERM | |
| Topical term or geographic name as entry element | Church group work |
| General subdivision | Addresses, essays, lectures. |
| 951 ## - EQUIVALENCE OR CROSS-REFERENCE-GEOGRAPHIC NAME/AREA NAME [OBSOLETE] [CAN/MARC only] | |
| General subdivision | 00035419 |
| 700 1# - ADDED ENTRY--PERSONAL NAME | |
| Personal name | Casteel, John Laurence, |
| Dates associated with a name | 1903- |
| 951 ## - EQUIVALENCE OR CROSS-REFERENCE-GEOGRAPHIC NAME/AREA NAME [OBSOLETE] [CAN/MARC only] | |
| -- | 31076 |
| -- | BV652.2/C86c |
| -- | 070822095159281 |
| -- | 2000-12-21 |
| -- | GC |
| Withdrawn status | Lost status | Damaged status | Not for loan | Home library | Current library | Shelving location | Date acquired | Accession number | Shelving control number | Total Checkouts | Full call number | Barcode | Date last seen | Price effective from | Koha item type |
|---|---|---|---|---|---|---|---|---|---|---|---|---|---|---|---|
| BSOP Library | BSOP Library | GC | 12/21/2000 | 31076 | 127 | BV652.2/C86c | 00035419 | 02/23/2013 | 02/23/2013 | Books |
